|
|
|
|
| LEADER |
00000nam a2200000 i 4500 |
| 001 |
ELB80263 |
| 003 |
FINmELB |
| 005 |
20210604101111.0 |
| 006 |
m o d | |
| 007 |
cr cnu|||||||| |
| 008 |
210604s2009 ec a ob 000 0 spa d |
| 020 |
|
|
|z 9789978998106
|
| 035 |
|
|
|a (OCoLC)1257035477
|
| 040 |
|
|
|a FINmELB
|b spa
|e rda
|c FINmELB
|
| 043 |
|
|
|a cl-----
|
| 050 |
0 |
0 |
|a KG483.W66
|b M854 2009
|
| 082 |
0 |
0 |
|a 342.80878
|2 23
|
| 245 |
0 |
0 |
|a Mujeres indígenas y justicia ancestral /
|c Miriam Lang, Anna Kucia (comp.).
|
| 264 |
|
1 |
|a Quito, Ecuador :
|b UNIFEM--Región Andina,
|c [2009]
|
| 300 |
|
|
|a 1 recurso en línea (243 páginas) :
|b ilustraciones a color
|
| 336 |
|
|
|a texto
|b txt
|2 rdacontent/spa
|
| 337 |
|
|
|a computadora
|b c
|2 rdamedia/spa
|
| 338 |
|
|
|a recurso en línea
|b cr
|2 rdacarrier/spa
|
| 504 |
|
|
|a Incluye referencias bibliográficas.
|
| 505 |
0 |
|
|a PÁGINA LEGAL -- CONTENIDO -- PRESENTACIÓN -- INTRODUCCIÓN -- GÉNERO, DIVERSIDAD CULTURAL Y DERECHOS: -- MUJERES INDÍGENAS, PODER Y JUSTICIA: DE (...) -- POLÍTICAS PÚBLICAS DEL GOBIERNO BOLIVIANO (...) -- LA JUSTICIA ANCESTRAL Y LAS MUJERES: VISIÓN (...) -- DESAFÍOS EN LA CONSTRUCCIÓN DE UN ESTADO (...) -- LAS MUJERES EN LA JUSTICIA COMUNITARIA: (...) -- VIOLENCIA DE GÉNERO Y MECANISMOS DE RESOLUCIÓN (...) -- EL EJERCICIO DE LOS DERECHOS DE LAS MUJERES (...) -- JUSTICIA COMUNITARIA Y GÉNERO EN LOS AYLLUS (...) -- MUJERES INDÍGENAS, MOVIMIENTO DE MUJERES (...) -- EXPERIENCIAS POR PAÍSES: ECUADOR -- EL ACCESO DE LAS MUJERES INDÍGENAS A LA (...) -- LA CONSTRUCCIÓN E IMPLEMENTACIÓN DEL (...) -- POLÍTICAS DE LA CONAIE A NIVEL NACIONAL (...) -- LA LEY DE BUEN TRATO Y LOS PROMOTORES DEL (...) -- EXPERIENCIAS POR PAÍSES: BOLIVIA -- LA JUSTICIA INDÍGENA Y LA VIOLENCIA CONTRA (...) -- LA ADMINISTRACIÓN DE LA JUSTICIA ANCESTRAL (...) -- EL FORTALECIMIENTO DE LAS MUJERES EN TORNO (...) -- EXPERIENCIAS POR PAÍSES: PERÚ -- LAS RONDAS CAMPESINAS FEMENINAS DE CAJAMARCA (...) -- LOS DERECHOS DE LAS MUJERES EN LA JUSTICIA (...) -- LA EXPERIENCIA DE UNA JUEZA DE PAZ INDÍGENA -- EXPERIENCIAS DE UNA JEFA DE COMUNIDAD EN (...) -- EXPERIENCIAS POR PAÍSES: COLOMBIA -- EL ROL DE LAS MUJERES Y LA COMPLEMENTARIEDAD -- EL FORTALECIMIENTO DEL PAPEL DE LAS MUJERES (...) -- EXPERIENCIAS POR PAÍSES: GUATEMALA -- EXPERIENCIA DE UNA ALCALDESA INDÍGENA -- LA JUSTICIA ANCESTRAL GARÍFUNA Y LOS DERECHOS -- PREVENCIÓN DE LA VIOLENCIA INTRAFAMILIAR (...) -- CONFLICTOS POR HERENCIAS DE MUJERES EN (...) -- VALORES, PRINCIPIOS Y SITUACIÓN DE LA JUSTICIA (...) -- EXPERIENCIAS POR PAÍSES: PANAMÁ -- EXPERIENCIAS DE UNA CACICA EMBERÁ -- TRABAJO DE SENSIBILIZACIÓN DE AUTORIDADES (...) -- EXPERIENCIAS POR PAÍSES: MÉXICO -- EL TERRITORIO INDEPENDIENTE DE MUJERES (...) -- LA DEFENSA DE MUJERES INDÍGENAS EN CHIAPAS -- PROMOCIÓN DE LA PARTICIPACIÓN DE LAS MUJERES (...) -- EXPERIENCIAS POR PAÍSES: NICARAGUA -- LA EQUIDAD DE GÉNERO EN LA JUSTICIA ANCESTRAL (...) -- EXPERIENCIAS POR PAÍSES: HONDURAS -- LA JUSTICIA ANCESTRAL Y LAS MUJERES EN (...) -- CONCLUSIONES -- DECLARACIÓN DEL ENCUENTRO INTERNACIONAL (...).
|
| 588 |
|
|
|a Descripción basada en metadatos suministrados por el editor y otras fuentes.
|
| 590 |
|
|
|a Recurso electrónico. Santa Fe, Arg.: elibro, 2021. Disponible vía World Wide Web. El acceso puede estar limitado para las bibliotecas afiliadas a elibro.
|
| 650 |
|
0 |
|a Indian women
|x Legal status, laws, etc.
|z Latin America.
|
| 650 |
|
4 |
|a Pluralismo cultural
|z América Latina.
|
| 650 |
|
4 |
|a Mujeres indias
|x Situación legal, leyes, etc.
|z América Latina.
|
| 650 |
|
4 |
|a Discriminación sexual contra la mujer
|x Derecho y legislación
|z América Latina.
|
| 650 |
|
0 |
|a Sex discrimination against women
|x Law and legislation
|z Latin America.
|
| 650 |
|
0 |
|a Cultural pluralism
|z Latin America.
|
| 655 |
|
4 |
|a Libros electrónicos.
|
| 700 |
1 |
|
|a Lang, Miriam
|q (Miriam Antonia)
|
| 700 |
1 |
|
|a Barrera Vivero, Anna,
|d 1980-
|
| 797 |
2 |
|
|a elibro, Corp.
|
| 856 |
4 |
0 |
|u https://elibro.uam.elogim.com/ereader/bidiuam/80263
|z Texto completo
|
| 950 |
|
|
|a eLibro Cátedra
|
| 950 |
|
|
|a eLibro Ciencias Sociales
|
| 950 |
|
|
|a eLibro Cátedra España
|